Quản lý bán hàng for dummies

Tên sách nguyên bản tiếng Anh: Sales Management for dummies; Cung cấp các kiến thức, phương pháp quản lý bán hàng theo một cách chi tiết, giúp bạn có được nghệ thuật xây dựng một đội ngũ bán hàng tốt nhất; đánh giá, đào tạo và truyền cảm hứn...

Полное описание

Сохранить в:
Библиографические подробности
Главный автор: Bellah, Butch
Другие авторы: Cọc Tiêu
Формат:
Язык:Undetermined
Опубликовано: H. Lao động 2018
Предметы:
Online-ссылка:http://lrc.tdmu.edu.vn/opac/search/detail.asp?aID=2&ID=33272
Метки: Добавить метку
Нет меток, Требуется 1-ая метка записи!
Thư viện lưu trữ: Trung tâm Học liệu Trường Đại học Thủ Dầu Một
LEADER 01223nam a2200217Ia 4500
001 TDMU_33272
008 210410s9999 xx 000 0 und d
082 |a 495.7 
090 |b B201 
100 |a Bellah, Butch 
245 0 |a Quản lý bán hàng for dummies 
245 0 |c Brian Tracy; Cọc Tiêu dịch 
260 |a H. 
260 |b Lao động 
260 |c 2018 
300 |a 495tr. 
520 |a Tên sách nguyên bản tiếng Anh: Sales Management for dummies; Cung cấp các kiến thức, phương pháp quản lý bán hàng theo một cách chi tiết, giúp bạn có được nghệ thuật xây dựng một đội ngũ bán hàng tốt nhất; đánh giá, đào tạo và truyền cảm hứng cho các nhân viên bán hàng một cách hiệu quả, các bí quyết để trở thành một nhà quản lý bán hàng chuyên nghiệp và thành công 
650 |a Kinh doanh  |x Quản lý bán hàng; Tiếp thị  |x Bán hàng 
700 |a Cọc Tiêu 
856 |u http://lrc.tdmu.edu.vn/opac/search/detail.asp?aID=2&ID=33272 
980 |a Trung tâm Học liệu Trường Đại học Thủ Dầu Một